000 01029nam a2200277Ia 4500
003 OSt
005 20221005111053.0
006 a|||||r|||| 00| 0
007 ta
008 221004b |||||||| |||| 00| 0 hin d
020 _a9788183615358 (hbk)
_cIndian Rupees 200
024 _a43933
037 _bGift, 30/05/2019,
_cTextual
040 _aCRL
_cCRL
_bhin
041 _2hin
_ahin
082 _a4:(D65,8(B)), 152Q2
100 _aजोशी, शालिनी, ले.
245 0 _aवेब पत्रकारिता
_b नया मीडिया नये रूझान
246 _aVeb patrakāritā: nayā mīḍiyā naye rūzāna
260 _aनई दिल्ली
_bराधाकृष्ण भारत
_c2012
300 _a115पृ0
_ccm.
650 _a पत्रकारिता
650 _aकम्प्यूटर
942 _h4:(D65,8(B)), 152Q2
_cTEXL
_2cc
999 _c1020713
_d1020713